000 04496cam a2201849 4500
003 PE-LiUPU
005 20250813165921.0
008 2006 sp a b 0 0 spa
020 _a8438003125
035 _a(Sirsi) i9788438003121
035 _a(Sirsi) 50641
035 _a(Sirsi) 50641
041 _aes
082 0 4 _a627.8
_bV23 1
100 1 _aVallarino Cánovas del Castillo, Eugenio
245 1 0 _aTratado básico de presas /
_n1
_cEugenio Vallarino Cánovas del Castillo, con la colaboración de Guillermo Bravo Guillén ; Fernando Girón Caro ; Eduardo Salete Díaz.
_n1.
250 _aColección Seinor
_v11
264 1 _aMadrid :
_bColegio de Ingenieros de Caminos, Canales y Puertos,
_c2006
300 _a797páginas :
_bilustraciones ;
_c24 centímetros
500 _aEn la cub.: Tomo I: Generalidades, presas de hormigón y de materiales sueltos, aliviaderos. Tomo II: Construcción, explotación y obras "a posteriori".
504 _aIncluye bibliografía
505 0 _aCuestiones generales y básicas -- Presas de hormigón -- Presas de materiales sueltos -- Aliviaderos y desagües.
526 _aP203
526 _aP200
526 _aSEG65
526 _aSEG64
526 _aSEG63
526 _aSEG62
526 _aSEG61
526 _aSEG60
526 _aSEG59
526 _aSEG58
526 _aSEG57
526 _aSEG56
526 _aSEG55
526 _aSEG54
526 _aSEG53
526 _aSEG52
526 _aSEG51
526 _aSEG50
526 _aSEG49
526 _aSEG48
526 _aSEG47
526 _aSEG46
526 _aSEG24
526 _aSEG23
526 _aSEG22
526 _aSEG21
526 _aSEG20
526 _aSEG19
526 _aSEG18
526 _aSEG17
526 _aSEG16
526 _aSEG14
526 _aSEG13
526 _aSEG12
526 _aSEG11
526 _aSEG10
526 _aSEG09
526 _aSEG06
526 _aSEG05
526 _aSEG04
526 _aSEG03
526 _aSEG02
526 _aSEG68
526 _aSEG66
526 _aSEG45
526 _aSEG25
526 _aSEG01
526 _aP163
526 _aP162
526 _aP161
526 _aP160
526 _aP159
526 _aP158
526 _aP157
526 _aP156
526 _aP155
526 _aP154
526 _aP153
526 _aP152
526 _aP151
526 _aP150
526 _aP149
526 _aP142
526 _aP141
526 _aP140
526 _aP139
526 _aP138
526 _aP137
526 _aP132
526 _aP131
526 _aP130
526 _aP126
526 _aP125
526 _aP124
526 _aP123
526 _aP115
526 _aP122
526 _aP121
526 _aP116
526 _a P114
526 _aP112
526 _aP111
526 _aP104
526 _aP103
526 _aP102
526 _aP101
526 _aP100
526 _aP96
526 _aP95
526 _aP93
526 _aP92
526 _aP91
526 _aP88
526 _aP83
526 _aP82
526 _aP79
526 _aP78
526 _aP75
526 _aP74
526 _aP71
526 _aP69
526 _a P51
526 _aP49
526 _aP48
526 _aP47
526 _aP33
526 _aP31
526 _a P30
526 _aP29
526 _aP27
526 _aP26
526 _aP25
526 _aP24
526 _a P22
526 _aP10
526 _aP09
526 _a P08
526 _aP06
526 _aP05
526 _aP04
526 _aP01
650 1 4 _aPresas
_xDiseño y construcción
650 1 4 _aPresas
_zEspaña
_xDiseño y construcción
700 1 _aBravo Guillén, Guillermo
_ecolab.
700 1 _aGirón Caro, Fernando
_ecolab.
700 1 _aSalete Díaz, Eduardo
_ecolab.
710 _aColegio de Ingenieros de Caminos, Canales y Puertos
859 _q67383
_h627.8
_iV23 1
910 _agl
_b
_cjck
_d20130530
942 _2ddc
_cBOOK
949 _a627.8 V23 1
_i67383
_lCCODEBUL1
_mBUL
_tLIBRO
_o.STAFF. Colección General
596 _a1
999 _a627.8 V23 1
_wDEWEY
_c55052
_i67383
_d55052
_f2021-11-9
_g7
_lCCODEBUL1
_mBUL
_p60.00
_q2
_r0
_sY
_tBOOK
_u2015-7-6
_xINGENIERIA
_PP25
_0COMPRA
_o.STAFF. Colección Ingeniería y Arquitectura
980 _81
_gALBERTO SANCHEZ Responsable de Automatización